000 00927aas a2200217 4500
999 _c53696
_d53696
001 768714001
003 CO-MdFUSB
005 20171107111659.0
008 170727s1996 xxu||||| |||| 00| 0 eng d
022 _a0098-9444
040 _aCO-MdFUSB
_bspa
_cCO-MdFUSB
_dCO-MdFUSB
041 _aspa
242 _a¿Qué dice la ley?
245 0 _aWhat the law says?
300 _aVolumen 22. Número 5 (1996), páginas 50-51
_c: 28 cm.
520 1 _aEl siguiente artículo habla de la posición que tiene Israel frente a las excavaciones arqueológicas y que dicen sus leyes respecto a esta actividad que ha estado tan presente en este país por el aporte que le da al mundo sobre los hechos ocurridos en la antigüedad.
546 _aTexto en inglés
650 7 _9403
_aExcavaciones arqueológicas
773 0 _tBiblical Archaeology Review
_049395
_959493
_gVolumen 22. Número 5 (1996), páginas 50-51
_qPágina 50
942 _cANA